Представление документа в формате MARC21

Поле Инд. ПП Название Значение
Тип записи a
Библиографический уровень m
001 Контрольный номер d77d05f722314a5894b785fc42b0bcab
005 Дата корректировки 20161118154300.2
008 Кодируемые данные 080506
020 a ISBN 978-5-87237-607-1
c Цена, тираж 226.76
040 a Служба первич. каталог. НБ ТвГУ
041 a Код языка текста rus
080 a Индекс УДК 514.742.4(075.8)
084 a Индекс другой классификации/Индекс ББК В151.51я73-1
090 a Полочн. индекс В151.5
x Авторский знак Б44
100 1_ a Автор Беляев Юрий Николаевич
245 10 a Заглавие Введение в векторный анализ
b Продолж. заглавия учеб. пособие
c Ответственность Ю. Н. Беляев
260 0_ a Место издания Сыктывкар
b Издательство Сыктывкар. гос. ун-т
c Дата издания 2008
300 a Объем 215 с.
b Иллюстрации/ тип воспроизводства ил.
583 a Действие Получение впервые 123 14.05.2008
k Исполнитель действия Обмен
650 a Основная рубрика Векторный анализ
x Основная подрубрика Учебники для вузов
653 a Ключевые слова Векторное исчисление
a Ключевые слова Векторный анализ
a Ключевые слова Геометрия
a Ключевые слова Математика
852 t Порядковый номер экземпляра 1
p Инвентарный номер 908705
863 t 00216358
888 a Бесплатные
930 a Новая/Ретро учебники
952 p 123.2008 226.76 1 908705
c Вид литературы К ру
954 a Дата поступления на обработку 20080618
999 a Подразделение 2 Фил3